000 00999cam a22003497a 4500
003 CHAP
005 20220817044047.0
008 051110d2005 it rn 00110 eng d
010 _a91291
011 _a92263
020 _a9251052670
035 _a102827
040 _cCHAP
082 0 4 _a639.2
_bF3 v.457
110 2 _aFAO
245 1 0 _aReview of the state of world marine fishery resources
_c/by FAO
260 _aRome :
_bFAO,
_c2005.
300 _a235 p.
410 2 0 _aFAO
490 0 _aDocumento técnico de pesca
_v; 457
590 _aBATCH-UPD
_b10
_c20130110
_lUCH01
_h1705
590 _aBATCH-UPD
_b10
_c20130410
_lUCH01
_h1052
590 _aBATCH-UPD
_b10
_c20130914
_lUCH01
_h1215
590 _aCONVERSION
_b10
_c20130109
_lUCH01
_h1351
650 1 4 _aRecursos marinos.
810 0 _aFAO
830 0 0 _aDocumento técnico de pesca
_v; 457
_933242
901 _aBK
905 _aLilia
942 _cLIBRO
949 _a639.2 F3 v.457
_bBC
_cFAO
_d33724000973012
_eFAO1
_h107427
_i102827
_sb
999 _c91291
_d91291